000 00717nam a2200289Ia 4500
005 20260324134030.0
008 008 260324s9999 xx 000 0 eng d
020 _a9781315703404
037 _aEBOOK
040 _aCRL
040 _beng
040 _cCRL
041 _2eng
041 _aeng
084 _qCRL
100 _aMakota Ohtsu; Tomio Imanari
_91195319
245 0 _aInside Japanese Business: A Narrative History 1960-2000
245 2 _bA Narrative History 1960-2000
260 _bTaylor and Francis
260 _c2002
365 _a
365 _b325
856 _uhttp://www.taylorfrancis.com/books/9781315703404
942 _cEBOOK
999 _c1794953
_d1794953